000 00823nam a2200253Ia 4500
003 OSt
005 20220926003242.0
006 a|||||r|||| 00| 0
007 ta
008 220923b |||||||| |||| 00| 0 eng d
020 _a0198060440
_c637.5
037 _bDU27, 22/03/2010, INDEPENDENT PUBLISHERS GROUP
_cGeneral Book
040 _aRTL
_cRTL
_beng
041 _2eng
_aeng
082 _aV2:3(Q), Q0
100 _aBhargava Rajeev
_928325
245 0 _aPromise of India's secular democracy.
260 _a New Delhi
_bOxford University Press
_c2010
300 _axxv, 346p.
_ccm.
500 _aBibliography chapterwise; Appendix: P 327-332
650 _aSociology
942 _hV2:3(Q), Q0
_cGB
_2CC
999 _c607339
_d607339